On-line Index to sixteen economic journals (Record no. 484116)

000 -LEADER
fixed length control field 00559cam a22001697a 4500
008 - FIXED-LENGTH DATA ELEMENTS--GENERAL INFORMATION
fixed length control field 180718b1998 xxu||||| |||| 00| 0 eng d
020 ## - INTERNATIONAL STANDARD BOOK NUMBER
International Standard Book Number 8190037749
082 ## - DEWEY DECIMAL CLASSIFICATION NUMBER
Classification number A2:T19x54 In8/98
245 ## - TITLE STATEMENT
Title On-line Index to sixteen economic journals
Statement of responsibility, etc. by Institute for Studies in Industrial Development
260 ## - PUBLICATION, DISTRIBUTION, ETC.
Place of publication, distribution, etc. New Delhi
Name of publisher, distributor, etc. ISID
Date of publication, distribution, etc. 1998
300 ## - PHYSICAL DESCRIPTION
Extent 610p.
440 ## - SERIES STATEMENT/ADDED ENTRY--TITLE
Title ISID index series v.2
650 ## - SUBJECT ADDED ENTRY--TOPICAL TERM
Topical term or geographic name entry element Economics - Bibliographies
650 ## - SUBJECT ADDED ENTRY--TOPICAL TERM
Topical term or geographic name entry element Economics - Abstracting and indexing
700 ## - ADDED ENTRY--PERSONAL NAME
Personal name Institute for Studies in Industrial Development
700 ## - ADDED ENTRY--PERSONAL NAME
Personal name ISID
Holdings
Withdrawn status Lost status Damaged status Not for loan Permanent Location Current Location Date acquired Full call number Barcode Date last seen Price effective from Koha item type
        Indian Institute of Public Administration Indian Institute of Public Administration 2018-08-04 A2:T19x54 In8/98 GR14790 2018-08-04 2018-08-04 GR

Powered by Koha